SIA Puzzle Hunt: Supervillains Quiz Stats

 Plays Quiz Updated Sep 29, 2015

Score 0/10 Timer 10:00
0 Plays Today
Hint Answer % Correct
Green Goblin???
67.4%
Poison Ivy???
51.5%
Lex Luthor???
50.4%
Jigsaw???
49.3%
Bane???
49.2%
Venom???
48.1%
Magneto???
43.4%
Doctor Doom???
41%
Ozymandias???
40.1%
Dark Phoenix???
35.2%

You're not logged in!

Compare scores with friends on all Sporcle quizzes.
Join for Free
OR
Log In

You Might Also Like...

Show Comments

Extras

Top Quizzes Today


Score Distribution

Your Account Isn't Verified!

In order to create a playlist on Sporcle, you need to verify the email address you used during registration. Go to your Sporcle Settings to finish the process.

Report this User

Report this user for behavior that violates our Community Guidelines.

Details: